000 002840000a22001090004500
100 1 _aViana, Carlos H.
245 1 0 _aNuevos retos en México
300 _aVol.45, núm.195 (1990), Páginas 26-29
650 1 4 _aSOCIEDADES BÍBLICAS
773 0 _tLa Biblia en las Américas
942 _cANA
999 _c62880
_d62880